000 00428nam a22001697a 4500
005 20180719154435.0
008 160525b xxu||||| |||| 00| 0 eng d
020 _a81-203-1730-0
041 _aeng
082 _b5021
_a658.15244
100 _aBhattacharya, Hrishikesh
_91208
245 _aWorking Capital Management
260 _aNew Delhi
_bAcademic Faundation
300 _a436p,
650 _aManagement
_9241
942 _cBK
999 _c1758
_d1757